Portugal Country Quiz - Statistics

General Stats
  • This quiz has been taken 28 times
  • The average score is 6 of 10
Answer Stats
Question Answer % Correct
Capital of Portugal Lisbon
100%
Country that borders Portugal Spain
100%
Currency Euro
96%
Language spoken Portuguese
96%
Famous footballer Cristiano Ronaldo
91%
Island chain 1600km away Azores
87%
Most common last name Silva
35%
Year when Portugal got independence 1640
22%
Current president Marcelo Rebelo de Sousa
22%
Watersport which Portugal is famous for Surfboarding
0%
No matching quizzes found
Score Distribution
Percent of People with Each Score
Percentile by Number Answered
Your Score History
You have not taken this quiz